|
|
|
|
| LEADER |
00000nam a2200000 a 4500 |
| 001 |
vtls010189948 |
| 003 |
SK-MaSNL |
| 005 |
20260301041003.0 |
| 008 |
240318s2010 xr hgal 001 0 cze |
| 015 |
|
|
|a SNBZSA2018/01
|
| 020 |
|
|
|a 9788074290060
|q (viazané)
|
| 035 |
|
|
|a 79262C5C-86C6-48DC-A64D-FF36E2AE2805
|
| 035 |
|
|
|a urn:nbn:sk:snk-am3ib3z
|
| 035 |
|
|
|a urn:nbn:sk:snk-am00dm3a
|
| 040 |
|
|
|a SNK
|b slo
|c SNK
|e AACR2
|
| 041 |
0 |
|
|a cze
|
| 044 |
|
|
|a xr
|c CZ
|
| 072 |
|
7 |
|a 398
|x Folklór
|2 konspekt
|
| 080 |
|
|
|a 398.332.416
|2 2011
|
| 080 |
|
|
|a 39
|2 2011
|
| 080 |
|
|
|a 27-563/-565
|2 2011
|
| 080 |
|
|
|a 94(4)
|2 2011
|
| 080 |
|
|
|a (048.8:082)
|2 2011
|
| 100 |
1 |
|
|a Večerková, Eva,
|d 1945-
|4 aut
|9 342027
|
| 245 |
1 |
0 |
|a Evropské Vánoce v tradicích lidové kultury
|c Eva Večerková, Věra Frolcová
|
| 250 |
|
|
|a Vyd. 1.
|
| 260 |
|
|
|a Praha
|b Vyšehrad
|c 2010
|
| 300 |
|
|
|a 516 s.
|b ilustr., noty, portéty., faksim.
|c 25 cm
|
| 504 |
|
|
|a Bibliografia ; bibliografické odkazy ; register
|
| 546 |
|
|
|a Anglické, nemecké, francúzske a ruské resumé
|
| 650 |
0 |
7 |
|a Vianoce
|2 SNKPH
|9 3412
|
| 650 |
0 |
7 |
|a ľudová kultúra
|2 SNKPH
|9 66058
|
| 650 |
0 |
7 |
|a Christmas
|2 SNKPHeng
|9 304887
|
| 650 |
0 |
7 |
|a Folk culture
|2 SNKPHeng
|9 265677
|
| 650 |
0 |
7 |
|a kresťanské sviatky
|2 SNKPH
|9 68007
|
| 650 |
0 |
7 |
|a Christian feasts
|2 SNKPHeng
|9 323787
|
| 650 |
0 |
7 |
|a tradície
|2 SNKPH
|9 15975
|
| 650 |
0 |
7 |
|a Traditions
|2 SNKPHeng
|9 337908
|
| 651 |
|
7 |
|a Európa
|2 SNKPH
|9 167569
|
| 651 |
|
7 |
|a Europe History
|2 SNKPHeng
|9 171722
|
| 655 |
|
7 |
|a kolektívne monografie
|2 SNKPH
|9 249850
|
| 655 |
|
7 |
|a Collective monographs
|2 SNKPHeng
|9 125747
|
| 700 |
1 |
|
|a Frolcová, Věra,
|d 1956-
|4 aut
|9 87253
|
| 919 |
|
|
|a 978-80-7429-006-0
|
| 958 |
|
|
|a ZS
|
| 958 |
|
|
|a NB
|
| 999 |
|
|
|c 587308
|d 589238
|
| 952 |
|
|
|a SNK
|b SNK
|y PREZ
|7 0
|p 17A1305505
|o snkSC 177330
|i snk2017/27653
|8 3
|g 14.06
|0 0
|1 0
|4 0
|d 2017-12-13
|f 1
|l 0
|r 2025-09-18 00:00:00
|w 2026-02-23
|
| 952 |
|
|
|t snkVEC 398.332.416
|a SNKUST
|b SNKUST
|y PREZ
|7 0
|p 17A1306311
|o snkSC 177330 D1
|i snk2018/167
|8 3
|g 15.38
|0 0
|1 0
|4 0
|d 2018-01-05
|l 0
|r 2025-03-19 00:00:00
|w 2026-02-23
|